| LEADER |
01313nam0a2200181 450 |
| 001 |
16844764 |
| 010 |
|
|
|a 978-2-7096-7265-8
|b Br.
|d 22,9
|
| 100 |
|
|
|a 20240515d2024 u u0frey01 ba
|
| 101 |
0 |
|
|a fre
|
| 200 |
0 |
|
|a Clef et la croix (La)
|f Eric Giacometti, Jacques Ravenne
|
| 207 |
|
1 |
|a
|
| 210 |
|
|
|a Paris
|c J.C. Lattès
|d 2024
|
| 330 |
|
|
|a DES TEMPLIERS À NAPOLÉON, LA QUÊTE DE LA CLEF DU DESTIN : UNE ENQUÊTE DANTOINE MARCAS Paris, 1809. Napoléon ordonne de voler les archives du Vatican pour récupérer les actes du procès des Templiers. Chargés de cette mission, des francs-maçons entrent en action pour sauver lEmpire
Mais dans lombre, les ennemis de Napoléon ont trouvé le moyen de lanéantir : sattaquer à limpératrice Joséphine. Milan, de nos jours. Un grand patron de la mode, membre dune société catholique secrète, est assassiné. Il laisse derrière lui le mystère qui lui a permis de bâtir son empire. Antoine Marcas se trouve plongé dans une enquête qui va le mener sur les traces dun trésor fabuleux
|
| 700 |
|
0 |
|a Giacometti
|b Eric
|c Auteur du texte
|4 70
|
| 701 |
|
0 |
|a Ravenne
|b Jacques
|c Auteur du texte
|4 70
|
| 900 |
|
|
|a Roman Policier
|
| 901 |
|
|
|a Accessible au prêt
|
| 995 |
|
|
|a Bibliothèque
|c Bibliothèque
|f 024024505
|h 024024505
|k RP GIA
|o p
|q a
|r az
|e Bibliothèque
|